[Event "Unterfranken-ch M2 43th"]
[Site "Sailauf"]
[Date "1992.??.??"]
[Round "?"]
[White "Fuchs, Sascha"]
[Black "Bachmann, Wolfgang"]
[Result "0-1"]
[WhiteElo "1833"]
[BlackElo "1930"]
[PlyCount "76"]
[EventDate "1992.04.20"]
[EventType "swiss"]
[EventRounds "9"]
[EventCountry "GER"]
[SourceTitle "EXT 1998"]
[Source "ChessBase"]
[SourceDate "1997.11.17"]
[SourceVersion "1"]
[SourceVersionDate "1997.11.17"]
[SourceQuality "1"]

1. e4 c5 2. Nf3 e6 3. d4 cxd4 4. Nxd4 a6 5. Nf3 Nc6 6. c3 Qc7 7. Bd3 h6 8. h3 Nf6 9. Nbd2 b5 10. a4 b4 11. c4 Bb7 12. b3 g5 13. Bb2 Bg7 14. Qc2 Rg8 15. 0-0-0 g4 16. hxg4 Nxg4 17. Bxg7 Rxg7 18. Rdf1 0-0-0 19. Kb1 Rdg8 20. g3 Qd8 21. Ka2 Qf6 22. Qb2 e5 23. Qc1 Qd6 24. Qc2 Rg6 25. Be2 Qc5 26. Nh4 Nxf2 27. Nf5 Nxh1 28. Rxh1 Nd4 29. Nxd4 Qxd4 30. Rd1 Qc3 31. Rc1 Qxc2+ 32. Rxc2 Rxg3 33. c5 Rc3 34. Rxc3 bxc3 35. Nc4 Rg2 36. Nd6+ Kc7 37. Ka3 Rxe2 38. a5 c2 0-1

[Event "Unterfranken-ch M2 43th"]
[Site "Sailauf"]
[Date "1992.??.??"]
[Round "?"]
[White "Fuchs, Sascha"]
[Black "Ersoez, Can Hakki"]
[Result "0-1"]
[WhiteElo "1833"]
[BlackElo "1780"]
[PlyCount "78"]
[EventDate "1992.04.20"]
[EventType "swiss"]
[EventRounds "9"]
[EventCountry "GER"]
[SourceTitle "EXT 1998"]
[Source "ChessBase"]
[SourceDate "1997.11.17"]
[SourceVersion "1"]
[SourceVersionDate "1997.11.17"]
[SourceQuality "1"]

1. d4 Nf6 2. c4 g6 3. Nf3 Bg7 4. Nc3 d6 5. e3 0-0 6. Qc2 Nbd7 7. b4 a5 8. b5 e5 9. d5 Nc5 10. e4 Nh5 11. Be3 b6 12. Nd2 f5 13. Bxc5 bxc5 14. Be2 Nf4 15. Bf3 Qg5 16. 0-0-0 Bh6 17. h4 Qe7 18. h5 g5 19. g3 g4 20. Bxg4 fxg4 21. gxf4 Rxf4 22. Rh2 Qf6 23. Rf1 g3 24. Rg1 Kh8 25. Rxg3 Rxf2 26. Rhg2 Rxg2 27. Rxg2 Qf1+ 28. Qd1 Qxg2 29. Ncb1 Bg4 30. Qe1 Rf8 31. Kc2 Rf2 32. Qc1 Qxe4+ 33. Kb3 Qd3+ 34. Qc3 Bd1+ 35. Kb2 Rxd2+ 36. Nxd2 Qxd2+ 37. Qxd2 Bxd2 38. h6 Kg8 39. a4 Kf7 0-1